Environmental education / (Record no. 170163)
[ view plain ]
| 000 -LEADER | |
|---|---|
| fixed length control field | 00543nam a22001817a 4500 |
| 005 - DATE AND TIME OF LATEST TRANSACTION | |
| control field | 20191211145050.0 |
| 010 ## - LCCN (DPL NO) | |
| LC control number | ENG-127082 |
| 020 ## - INTERNATIONAL STANDARD BOOK NUMBER | |
| Terms of availability | 696.00 |
| International Standard Book Number | 9788182473379 |
| 035 ## - SYSTEM CONTROL NUMBER | |
| System control number | EN-110614 |
| 037 ## - SOURCE OF ACQUISITION | |
| Source of stock number/acquisition | DBAD/PUB |
| 082 ## - DEWEY DECIMAL CLASSIFICATION NUMBER | |
| Classification number | 363.7 |
| 100 ## - MAIN ENTRY--PERSONAL NAME | |
| Personal name | Bhandari, R.S. |
| 245 ## - TITLE STATEMENT | |
| Title | Environmental education / |
| Statement of responsibility, etc | by R.S.Bhandari |
| 260 ## - PUBLICATION, DISTRIBUTION, ETC. (IMPRINT) | |
| Place of publication, distribution, etc | Haryana |
| Name of publisher, distributor, etc | Delhi Book Bureau |
| Date of publication, distribution, etc | 2012 |
| 270 ## - ADDRESS | |
| Address | S.C.O. 43, First Floor, Swastik Viahr MDC |
| City | Panchkula, Haryana |
| Postal code | 2593612 |
| 300 ## - PHYSICAL DESCRIPTION | |
| Extent | vii;265p. |
| Dimensions | 22cm(Hb) |
| 942 ## - ADDED ENTRY ELEMENTS (KOHA) | |
| Source of classification or shelving scheme | Dewey Decimal Classification |
| Item type | English Books |
| Classification part | 363.7 |
| Call number suffix | BHA |
| Withdrawn status | Lost status | Not for loan | Collection code | Home library | Current library | Date acquired | Source of acquisition | Cost, normal purchase price | Full call number | Barcode | Copy number | Cost, replacement price | Koha item type |
|---|---|---|---|---|---|---|---|---|---|---|---|---|---|
| Non-fiction | Sarojini Nagar | Sarojini Nagar | 11/12/2019 | DBAD/PUB | 696.00 | 363.7 BHA | EN-110614 | 1 | 696.00 | English Books |
